00358 a2200097 4500001001000000005001700010008004100027245008700068100002200155773008300177ART_4482320260410162005.0260409a 10aRegional employment and wages. The effects of transport costs and market potential1 aMoncarz, Pedro E.0 tRevista de economía y estadísticag- Vol. XLV, Nº 1 (oct. 2007)wREV34359